000 02649nam a22004097a 4500
003 dpl
005 20080911114410.0
008 080911t xxu||||| |||| 00| 0 eng d
010 _aDVD-000351-353 DVD-000948-950
024 _200P70
_c499.00
035 _aDVD-000351-353 DVD-000948-950
040 _aDPL
_cDPL
082 _aDVD / LIZZ
245 _aLizzie McGuire Movie, The :
_cWalt Disney Pictures Presents
_h[videorecording] (DVD)/
_bFrom Ordinary Girl to International Pop Star
260 _aBurbank, CA
_bWalt Disney Home Entertainment
300 _a1 Videodiscs (94 min.):
_bsd., col.;
_c4 3/4 in.
_fDVD
500 _aBonus Features: The Lizzie McGuire Costing Session, Hilary's Roman Adventure, Hilary Duff Music Video:"WhyNot", In the Recording Studio with Hilary, Roamin Volare, Off the Cutting Room Floor
500 _aSole Distributor in India M/s Excel Productions Audio Visuals Pvt. Ltd.
500 _aThe Hilarious Comedy starring Hollywood's hottest teen, Hilary Duff
538 _aDolby Digital 5.1-English, Thai Subtitles: English,Chinese,Korean, Thai, Bahasa
538 _aAspect Ratio:1.85.1, Presentation Type: Widescreen, Presentation Size 16x9, Formation: DVD 9- Dual Layer Single sided Disc,
650 _2Motion picture
700 _aDuff, Hilary
700 _aRogow, Stain
700 _aLamberg,Adam
700 _aCrradine, Robert
700 _aThomas, Jake
700 _aLurie, Elliot
942 _2ddc
_cCF
_hDVD
_mLIZZ
999 _c15474
_d15474